La identidad / (Registro nro. 3375)

000 -CABECERA
campo de control de longitud fija 00858nam a2200289 u 4500
001 - NÚMERO DE CONTROL
campo de control 000050718
005 - FECHA Y HORA DE LA ÚLTIMA TRANSACCIÓN
campo de control 20200120222655.0
008 - DATOS DE LONGITUD FIJA--INFORMACIÓN GENERAL
campo de control de longitud fija 121119s2012 sp gr 000 f spa d
020 ## - NÚMERO INTERNACIONAL ESTÁNDAR DEL LIBRO
Número Internacional Estándar del Libro 9788483836002
041 0# - CÓDIGO DE LENGUA
Código de lengua del texto/banda sonora o título independiente spa
043 ## - CÓDIGO DE ÁREA GEOGRÁFICA
Código de área geográfica e-sp---
090 04 - LOCALMENTE ASIGNADO TIPO-LC NÚMERO DE CLASIFICACIÓN (OCLC); NÚMERO DE CLASIFICACIÓN LOCAL (RLIN)
Número de clasificación (OCLC) (R) ; Numero de clasificación, CALL (RLIN) (NR) AN
Número cutter local (OCLC) ; Número de libro/Signatura topográfica íntegra, CALL (RLIN) KUNid 2012
100 1# - ENTRADA PRINCIPAL--NOMBRE DE PERSONA
Nombre de persona Kundera, Milan,
Fechas asociadas al nombre 1929-
245 13 - MENCIÓN DE TÍTULO
Título La identidad /
Mención de responsabilidad, etc. Milan Kundera ; traducción del original francés : Beatriz de Moura.
250 ## - MENCIÓN DE EDICIÓN
Mención de edición 1a. ed.
260 ## - PUBLICACIÓN, DISTRIBUCIÓN, ETC.
Lugar de publicación, distribución, etc. Barcelona :
Nombre del editor, distribuidor, etc. Tusquets,
Fecha de publicación, distribución, etc. 2012.
300 ## - DESCRIPCIÓN FÍSICA
Extensión 178 p.
490 #0 - MENCIÓN DE SERIE
Mención de serie Maxi
Designación de volumen o secuencia 008/7
500 ## - NOTA GENERAL
Nota general Título original : L'identité
650 14 - PUNTO DE ACCESO ADICIONAL DE MATERIA--TÉRMINO DE MATERIA
Término de materia o nombre geográfico como elemento de entrada Novela adulto.
650 24 - PUNTO DE ACCESO ADICIONAL DE MATERIA--TÉRMINO DE MATERIA
Término de materia o nombre geográfico como elemento de entrada Literatura adulto.
650 24 - PUNTO DE ACCESO ADICIONAL DE MATERIA--TÉRMINO DE MATERIA
Término de materia o nombre geográfico como elemento de entrada Literatura checoslovaca
Subdivisión cronológica Siglo XX.
650 24 - PUNTO DE ACCESO ADICIONAL DE MATERIA--TÉRMINO DE MATERIA
Término de materia o nombre geográfico como elemento de entrada Novela checoslovaca
650 24 - PUNTO DE ACCESO ADICIONAL DE MATERIA--TÉRMINO DE MATERIA
Término de materia o nombre geográfico como elemento de entrada Identidad en la literatura.
650 24 - PUNTO DE ACCESO ADICIONAL DE MATERIA--TÉRMINO DE MATERIA
Término de materia o nombre geográfico como elemento de entrada Realidad en la literatura.
700 1# - PUNTO DE ACCESO ADICIONAL--NOMBRE DE PERSONA
Nombre de persona Moura, Beatriz de,
Término indicativo de función/relación traductor.
952 ## - LOCALIZACIÓN E INFORMACIÓN DEL ÍTEM/UNIDAD FÍSICA (KOHA)
-- Perdido
Existencias
Estado de retiro Estado de pérdida Estado dañado No para préstamo Código de colección Localización permanente Ubicación/localización actual Fecha de adquisición Total de préstamos Signatura topográfica completa Código de barras Fecha visto por última vez Número de copia Precio válido a partir de Tipo de ítem Koha Nota pública
        Literatura Adulto Biblioteca Pública San Juan Bosco Biblioteca Pública San Juan Bosco 20/01/2020   ANKUNid 2012MOS017619 MOS017619 | MS 20/01/2020 ej.1 20/01/2020 Libro Ocho días

© Todos los derechos reservados para la Biblioteca Pública Municipal San Juan Bosco, 2020
Secretaria de Cultura de Mosquera
Carrera 3 N° 10 Esquina Centro Cultural Barrio El Carmén Teléfono: 8270830 Ext: 34
Funcionando con KOHA
Contacto: Biblioteca Pública Municipal San Juan Bosco/ bibliotecasanjuanbosco@mosquera-cundinamarca.gov.co
Mosquera, Cundinamarca